Nevidomí rodiče a jejich zkušenosti : těhotenství, porod a péče o dítě do 3 let /

Hlavní autor: Kavalírová, Kateřina
Další autoři: Liška, Vít, Vondráčková, Jana
Jazyk: Čeština
Vydáno: Praha : Okamžik, 2015
Vydání: 1. vydání
Témata:
Fyzický popis: 96 stran : barevné ilustrace ; 21 cm
Knihy
Uloženo v:
LEADER 01938nam a2200541 i 4500
001 nkc20162770575
003 CZ PrNK
005 20160210092059.0
007 ta
008 160105s2015 xr a e f 000 0 cze
015 |a cnb002770575 
020 |a 978-80-86932-42-2  |q (brožováno) 
035 |a (OCoLC)944218824 
040 |a ABA001  |b cze  |e rda 
072 7 |a 316.3  |x Globální společnosti. Sociální struktura. Sociální skupiny  |2 Konspekt  |9 18 
080 |a 316.344.6-056.262  |2 MRF 
080 |a 316.362.1-055.52  |2 MRF 
080 |a 613.952/.954  |2 MRF 
080 |a (047.53)  |2 MRF 
080 |a (041)  |2 MRF 
100 1 |a Kavalírová, Kateřina  |7 jo2012708854  |4 aut 
245 1 0 |a Nevidomí rodiče a jejich zkušenosti :  |b těhotenství, porod a péče o dítě do 3 let /  |c Kateřina Kavalírová, Vít Liška, Jana Vondráčková 
250 |a 1. vydání 
264 1 |a Praha :  |b Okamžik,  |c 2015 
300 |a 96 stran :  |b barevné ilustrace ;  |c 21 cm 
336 |a text  |b txt  |2 rdacontent 
337 |a bez média  |b n  |2 rdamedia 
338 |a svazek  |b nc  |2 rdacarrier 
500 |a Terminologický slovník 
650 0 7 |a osoby se zrakovým postižením  |7 ph127686  |2 czenas 
650 0 7 |a nevidomí  |7 ph123276  |2 czenas 
650 0 7 |a rodičovství  |7 ph138908  |2 czenas 
650 0 7 |a péče o dítě  |7 ph124848  |2 czenas 
650 0 9 |a people with visual disabilities  |2 eczenas 
650 0 9 |a blind  |2 eczenas 
650 0 9 |a parenting  |2 eczenas 
650 0 9 |a child care  |2 eczenas 
655 7 |a rozhovory  |7 fd133303  |2 czenas 
655 7 |a brožury  |7 fd131925  |2 czenas 
655 9 |a interviews  |2 eczenas 
655 9 |a brochures  |2 eczenas 
700 1 |a Liška, Vít  |7 jo2015856242  |4 aut 
700 1 |a Vondráčková, Jana  |7 jx20110117011  |4 aut 
910 2 |a BOA001  |b 2-1360.073 
990 |a BK 
995 |a 01 
991 |b 201601  |c NOV 
996 6 |b 2610655925  |c 2-1360.073  |l MZK  |r Sklad / do 1 hodiny  |n 2  |p p.v.  |w 001539329  |u 000010  |a 1  |e BOA001  |j MZK50  |s P